[Event "Napoli Autunno Vomero op-B"]
[Site "Napoli"]
[Date "2016.09.29"]
[Round "4"]
[White "Marchesini, Giulia"]
[Black "Guglielmi, Domenico Donato"]
[Result "1/2-1/2"]
[WhiteElo "1290"]
[BlackElo "1542"]
[PlyCount "111"]
[EventDate "2016.09.08"]
[EventType "swiss"]
[EventRounds "7"]
[EventCountry "ITA"]
[SourceTitle "EXT 2018"]
[Source "ChessBase"]
[SourceDate "2017.10.13"]
[SourceVersion "1"]
[SourceVersionDate "2017.10.13"]
[SourceQuality "1"]

1. e4 c5 2. Nf3 Nc6 3. d4 cxd4 4. Nxd4 Nf6 5. Nxc6 bxc6 6. Nc3 e5 7. Bc4 Bb4 8. Bg5 Bxc3+ 9. bxc3 0-0 10. 0-0 Rb8 11. Bb3 Bb7 12. c4 h6 13. Bxf6 Qxf6 14. Qxd7 Rfd8 15. Qf5 Qxf5 16. exf5 c5 17. Rfe1 f6 18. c3 Rd6 19. Bc2 Rbd8 20. h3 Rd2 21. Bb3 Rb2 22. Rad1 Rdd2 23. Rxd2 Rxd2 24. f3 Rd3 25. Rd1 e4 26. fxe4 Bxe4 27. Rxd3 Bxd3 28. Kf2 Bxf5 29. g4 Bd3 30. Ke3 Bf1 31. h4 g5 32. hxg5 fxg5 33. Ke4 Be2 34. Kf5 Kg7 35. a3 Bd3+ 36. Ke5 Kg6 37. Kd5 Be2 38. Kxc5 Bxg4 39. Kd6 h5 40. Bc2+ Kf6 41. Be4 h4 42. c5 h3 43. c6 h2 44. Kc7 Bf5 45. Bg2 g4 46. Kd8 g3 47. c7 Bh3 48. c8Q Bxg2 49. Qa6+ Kf5 50. Qd3+ Be4 51. Qf1+ Kg4 52. Qe2+ Bf3 53. Qe6+ Kf4 54. Qh6+ Ke4 55. Qh4+ Ke3 56. Qh6+ 1/2-1/2